LIBRARY & INFORMATION CENTRE, KCAET, TAVANUR

ONLINE PUBLIC ACCESS CATALOGUE (OPAC)

Cotton in India / (Record no. 10814)

MARC details
000 -LEADER
fixed length control field 00553cam a2200229ua 4500
041 ## - LANGUAGE CODE
Language code of text/sound track or separate title eng
082 ## - DEWEY DECIMAL CLASSIFICATION NUMBER
Classification number 633.51
Item number SET/CO
100 ## - MAIN ENTRY--AUTHOR NAME
Personal name Sethi, B L .
245 ## - TITLE STATEMENT
Title Cotton in India /
260 ## - PUBLICATION, DISTRIBUTION, ETC. (IMPRINT)
Place of publication Mumbai :
Name of publisher Indian central cotton committee ,
Year of publication 1960.
300 ## - PHYSICAL DESCRIPTION
Number of Pages 474 ; .
700 1# - ADDED ENTRY--PERSONAL NAME
Personal name Dastar, R H .
700 1# - ADDED ENTRY--PERSONAL NAME
Personal name Sikka, S M .
942 ## - ADDED ENTRY ELEMENTS (KOHA)
Koha item type Books
Holdings
Withdrawn status Lost status Damaged status Home library Current library Date acquired Cost, normal purchase price Full call number Accession Number Koha item type
Withdrawn     KAUAET KAUAET 07/04/2012 30.00 633.51 7823 Books
Withdrawn     KAUAET KAUAET 07/04/2012 30.00 633.51 7824 Books
Withdrawn     KAUAET KAUAET 07/04/2012 30.00 633.51 7825 Books
Withdrawn     KAUAET KAUAET 07/04/2012 30.00 633.51 7826 Books
free website counter